Founding Fathers Quiz - Statistics

General Stats
  • This quiz has been taken 70 times
  • The average score is 6 of 7
Answer Stats
Hint Answer % Correct
This Founding Father was unanimously elected president twice. George Washington
94%
This Founding Father wanted slaves to receive education. Thomas Jefferson
94%
This Founding Father invented the lightning rod and the glass harmonica. Benjamin Franklin
90%
This Founding Father has a musical named after him and was an immigrant Alexander Hamilton
85%
This Founding Father defended British soldiers after the Boston Massacre. John Adams
85%
This Founding Father had both of his vice presidents die while in office. James Madison
79%
This Founding Father drafted the state's first constitution in 1777. John Jay
42%
No matching quizzes found
Score Distribution
Percent of People with Each Score
Percentile by Number Answered
Your Score History
You have not taken this quiz